| 000 | 00549nam a22001817a 4500 | ||
|---|---|---|---|
| 003 | CEME | ||
| 005 | 20210628203940.0 | ||
| 008 | 210104b xxu||||| |||| 00| 0 eng d | ||
| 020 | _a089006105X | ||
| 040 | _cceme | ||
| 082 | _a621.38132 GUP | ||
| 100 |
_aGupta, K.C, Garg, Ramesh, Chadha, Rakesh _967979 |
||
| 245 | _aComputer aided design of microwave circuits | ||
| 260 |
_aUSA _bARTECH HOUSE _c1981 |
||
| 300 | _a656P | ||
| 650 |
_aCOMPUTER AIDED DESIGN-MICROWAVE CIRCUITS.COMPUTER AIDED DESIGN. MICROWAVE CIRCUITS _967980 |
||
| 942 |
_cBK _2ddc |
||
| 999 |
_c575651 _d575651 |
||